[Event "Donau op-A 08th"]
[Site "Aschach"]
[Date "1999.12.27"]
[Round "3"]
[White "Karner, Christoph"]
[Black "Brandstaetter, Friedrich"]
[Result "1-0"]
[WhiteElo "2181"]
[BlackElo "2130"]
[PlyCount "53"]
[EventDate "1999.12.26"]
[EventType "swiss"]
[EventRounds "7"]
[EventCountry "AUT"]
[SourceTitle "CBM 073 Extra"]
[Source "ChessBase"]
[SourceDate "2000.01.11"]
[SourceVersion "1"]
[SourceVersionDate "2000.01.11"]
[SourceQuality "1"]

1. d4 Nf6 2. c4 e6 3. Nc3 Bb4 4. Qc2 b6 5. a3 Bxc3+ 6. Qxc3 Bb7 7. Bg5 h6 8. Bh4 c5 9. dxc5 bxc5 10. Nf3 Nc6 11. e3 d6 12. Be2 0-0 13. 0-0 a5 14. b3 g5 15. Bg3 Ne4 16. Qc2 Ne7 17. Rfd1 Nxg3 18. hxg3 Nc8 19. Nd2 Qe7 20. Bf3 Ra7 21. Bxb7 Rxb7 22. Ne4 Rb6 23. g4 Na7 24. Rab1 Rfb8 25. Qc3 Nc8 26. Nf6+ Kf8 27. Nd5 1-0

[Event "AUT-chT2M 9900"]
[Site "Austria"]
[Date "1999.10.24"]
[Round "3.3"]
[White "Taggatz, Mario"]
[Black "Brandstaetter, Friedrich"]
[Result "0-1"]
[WhiteElo "2220"]
[BlackElo "2130"]
[PlyCount "80"]
[EventDate "1999.??.??"]
[EventType "team"]
[EventRounds "11"]
[EventCountry "AUT"]
[SourceTitle "EXT 2004"]
[Source "ChessBase"]
[SourceDate "2003.11.25"]
[SourceVersion "1"]
[SourceVersionDate "2003.11.25"]
[SourceQuality "1"]

1. d4 Nf6 2. Bg5 d5 3. Bxf6 gxf6 4. e3 c5 5. Nc3 e6 6. Qh5 Nc6 7. 0-0-0 cxd4 8. exd4 Bd7 9. g4 Qa5 10. Nge2 Rc8 11. f4 Nb4 12. a3 Nxc2 13. Kxc2 Ba4+ 14. Kd2 Bxd1 15. Kxd1 Bxa3 16. bxa3 Rxc3 17. Nxc3 Qxc3 18. Qh3 Qxd4+ 19. Qd3 Qxf4 20. Be2 0-0 21. Rf1 Qe5 22. Qh3 Kg7 23. Bd3 h6 24. Bc2 Qd4+ 25. Qd3 Qxd3+ 26. Bxd3 Rc8 27. Kd2 Rc5 28. Rb1 b6 29. Rb4 Kf8 30. Rb3 Kg7 31. a4 h5 32. gxh5 f5 33. Rc3 Kh6 34. Be2 f4 35. Rxc5 bxc5 36. Bf3 f5 37. a5 d4 38. Kd3 e5 39. Kc4 e4 40. Be2 f3 0-1

[Event "Linz county-ch"]
[Site "Linz"]
[Date "1999.03.30"]
[Round "5"]
[White "Brandstaetter, Friedrich"]
[Black "Holzweber, Martin"]
[Result "1/2-1/2"]
[WhiteElo "2130"]
[BlackElo "2076"]
[PlyCount "113"]
[EventDate "1999.03.26"]
[EventType "swiss"]
[EventRounds "9"]
[EventCountry "AUT"]
[SourceTitle "EXT 2004"]
[Source "ChessBase"]
[SourceDate "2003.11.25"]
[SourceVersion "1"]
[SourceVersionDate "2003.11.25"]
[SourceQuality "1"]

1. e4 c5 2. Nf3 d6 3. d4 cxd4 4. Nxd4 Nf6 5. Nc3 a6 6. g3 e5 7. Nde2 Be6 8. Bg2 Nbd7 9. a4 Qc7 10. h3 Be7 11. g4 h6 12. Ng3 Rc8 13. Nf5 Bxf5 14. exf5 0-0 15. 0-0 Rfd8 16. a5 b5 17. axb6 Qxb6 18. Ra2 d5 19. Nxd5 Nxd5 20. Qxd5 Rxc2 21. Be3 Bc5 22. Qd3 Bxe3 23. Qxc2 Bd4 24. Qc6 Qxc6 25. Bxc6 Nc5 26. b4 Nd3 27. Rb1 Rb8 28. b5 axb5 29. Bxb5 Nf4 30. Kh2 Nd5 31. Bd3 Rxb1 32. Bxb1 Nc3 33. Ra8+ Kh7 34. Ba2 Nxa2 35. Rxa2 f6 36. Kg2 h5 37. Kf3 Kh6 38. Rc2 hxg4+ 39. hxg4 Kh7 40. Ke4 Kh6 41. f4 g6 42. fxg6 Kxg6 43. Rc7 Bf2 44. fxe5 Bg3 45. Rc8 Bxe5 46. Rh8 Bb2 47. Rh5 Bc3 48. Rf5 Bb2 49. Kd5 Bc3 50. Ke6 Bb2 51. Rd5 Bc3 52. Rd8 Kg5 53. Rg8+ Kf4 54. Rc8 Bb2 55. Rc2 Ba1 56. Rc4+ Kg5 57. Re4 1/2-1/2

[Event "AUT-chT2M 9899"]
[Site "Austria"]
[Date "1999.02.28"]
[Round "9"]
[White "Brandstaetter, Friedrich"]
[Black "Froeschl, Felix"]
[Result "1/2-1/2"]
[WhiteElo "2135"]
[BlackElo "2240"]
[PlyCount "22"]
[EventDate "1998.11.??"]
[EventType "team-swiss"]
[EventRounds "11"]
[EventCountry "AUT"]
[SourceTitle "EXT 2000"]
[Source "ChessBase"]
[SourceDate "1999.11.16"]
[SourceVersion "1"]
[SourceVersionDate "1999.11.16"]
[SourceQuality "1"]

1. e4 c5 2. Nf3 d6 3. d4 cxd4 4. Nxd4 Nf6 5. Nc3 a6 6. Be2 e5 7. Nb3 Be6 8. 0-0 Nbd7 9. a4 b6 10. f4 Qc7 11. f5 Bc4 1/2-1/2

[Event "AUT-chT2M 9899"]
[Site "Austria"]
[Date "1999.02.27"]
[Round "8"]
[White "Brandstaetter, Friedrich"]
[Black "Tober, Gerhard"]
[Result "1-0"]
[WhiteElo "2135"]
[BlackElo "2210"]
[PlyCount "76"]
[EventDate "1998.11.??"]
[EventType "team-swiss"]
[EventRounds "11"]
[EventCountry "AUT"]
[SourceTitle "EXT 2000"]
[Source "ChessBase"]
[SourceDate "1999.11.16"]
[SourceVersion "1"]
[SourceVersionDate "1999.11.16"]
[SourceQuality "1"]

1. e4 e6 2. d4 b6 3. Nc3 Bb7 4. Nf3 g6 5. Bd3 Bg7 6. 0-0 Ne7 7. Bg5 h6 8. Be3 0-0 9. e5 d6 10. Ne4 dxe5 11. dxe5 Nd7 12. Nf6+ Nxf6 13. exf6 Bxf6 14. Bxh6 Re8 15. c3 Nf5 16. Bxf5 exf5 17. Bf4 Qxd1 18. Raxd1 Re2 19. Rd7 Rxb2 20. Ne5 Bxe5 21. Bxe5 Re8 22. Bf6 Rxa2 23. Rxc7 Bd5 24. h4 Be6 25. Rd1 a5 26. Re7 Ra8 27. Ra7 Re8 28. Rb1 Rb8 29. Rxb6 Rf8 30. Rab7 Re2 31. Rb8 Bd7 32. R8b7 Bc8 33. Rc7 Be6 34. Ra7 Ra2 35. Rba6 Ra1+ 36. Kh2 Re8 37. Ra8 Bd7 38. Rxe8+ Bxe8 1-0